Statistics for Landmarks Quiz

Click here to take the quiz!

General Stats

  • This quiz has been taken 23 times
  • The average score is 5 of 12

Answer Stats

QuestionAnswer% Correct
The Statue of Liberty was actually a gift sent to the USA from which country?France
100%
Which of these presidents was NOT carved into Mount Rushmore?John Adams
68%
What was the Leaning Tower of Pisa originally used for?Bell tower
63%
Mount Fuji is located on which of these Japanese islands?Honshu
58%
Uluru, also known as Ayers Rock, is traditionally owned by which aboriginal tribe?Anangu
42%
At its thickest point, how wide is the Great Wall of China?30 metres
37%
Despite taking around 14 years to construct, what was the original estimation for how long it would take to build the Sydney Opera House.4 years
32%
The Pyramids of Giza were the tallest structures on earth for approximately how many years?3,000
26%
How big is Central Park?3.41 kilometres squared
26%
What year did the construction of the Eiffel Tower finish?1887
21%
During the construction of the Golden Gate Bridge, safety nets were installed despite it costing over $300,000. How many people did the nets save?19
11%
Which of the structures below is the tallest?Uluru
5%

Score Distribution

Percentile by Number Answered

Percent of People with Each Score

Your Score History

You have not taken this quiz